000 00791nam a2200265Ia 4500
003 OSt
005 20220926030314.0
006 a|||||r|||| 00| 0
007 ta
008 220923b |||||||| |||| 00| 0 eng d
020 _a0712107274
037 _cGeneral Book
040 _aRTL
_cRTL
_beng
041 _2eng
_aeng
082 _aU672.1.N6, K9;L7
100 _aJarrett H R
_956136
245 0 _aGeography of manufacturing
250 _a2nd
260 _aPlymouth
_bMacdonald and Evans UK
_c1977
300 _axvii,366p. 17,29,31-35,39,47,49,52,54,57,60,,64-67,69,70,73,110,111,120,122,128,132,150,....334.
_ccm.
490 _aAspect geogrpahies
650 _aGeography
942 _hU672.1.N6, K9;L7
_cGB
_2CC
999 _c649269
_d649269